00487nam a2200181 a 4500001001300000003000900013005001700022008004100039020001000080082001600090100003400106245001200140260005600152300000900208500003500217650001900252700003400271nice12345678IN_TiNIC20260116011625.0070618s0000 laha grp 000 0 ara  ac10000a492.75bRAJ aRajkoti, Malik Mohd Adul Aziz aAr-Razi aLahore bIlahi Bakhsh Jalauddin Book Sellers c0000 a436p aincludes index and biblioraphy aArabic-Grammar1 aRajkoti, Malik Mohd Adul Aziz